000 00770nam a2200217 a 4500
001 000023712
005 20250924073802.0
008 101221s1984 dr 000 0 spa d
040 _aDO-SdBNP
_bspa
_cBNPHU
082 _a322.1
_bP438i
100 1 _aPérez Memén, Fernado
_948831
245 1 3 _aLa iglesia y el estado en Santo Domingo (1700-1853).
260 _aSanto Domingo :
_bUASD,
_c1984.
300 _a704 p. ;
_c22 cm.
490 1 _aPublicaciones de la Universidad Autónoma de Santo Domingo;
_v300
490 1 _aHistoria y sociedad;
_v61
650 4 _aIglesia católica en república dominicana
_xHistoria
_948832
830 _aPublicaciones de la Universidad Autónoma de Santo Domingo
_v300
_952
830 0 _aHistoria y sociedad;
_v61
_913749
049 _aBNGR
999 _c23208
_d23208